[Event "Leipzig VfB op 14th"]
[Site "Leipzig"]
[Date "2007.03.24"]
[Round "7"]
[White "Stolze, Dirk"]
[Black "Ditz, Roland"]
[Result "1/2-1/2"]
[WhiteElo "1420"]
[BlackElo "1828"]
[PlyCount "115"]
[EventDate "2007.03.20"]
[EventType "swiss"]
[EventRounds "9"]
[EventCountry "GER"]
[SourceTitle "EXT 2008"]
[Source "ChessBase"]
[SourceDate "2007.11.25"]
[SourceVersion "1"]
[SourceVersionDate "2007.11.25"]
[SourceQuality "1"]

1. c4 e5 2. g3 Nf6 3. Bg2 c6 4. Nc3 Be7 5. e3 0-0 6. Nge2 Re8 7. 0-0 d6 8. b3 d5 9. cxd5 cxd5 10. d4 e4 11. Nf4 Bb4 12. Na4 b6 13. Bd2 Bd6 14. Nh5 Nbd7 15. Nxf6+ Nxf6 16. b4 Ba6 17. Re1 Qd7 18. Nb2 Rac8 19. a4 Rc7 20. b5 Bb7 21. Qb3 Rec8 22. Rec1 Qg4 23. Rxc7 Rxc7 24. Rc1 Qe2 25. Rxc7 Bxc7 26. Qc2 Bd6 27. Qd1 Qxd1+ 28. Nxd1 Nd7 29. a5 a6 30. bxa6 Bxa6 31. axb6 Nxb6 32. Bf1 Nc4 33. Be1 Kf8 34. Kg2 Ke7 35. f3 f5 36. h3 Ba3 37. g4 g6 38. gxf5 gxf5 39. fxe4 fxe4 40. Bh4+ Ke6 41. Bg5 Bc8 42. h4 Kf5 43. Nc3 Be6 44. Kf2 Kg6 45. Bf4 Be7 46. Bg3 Nb6 47. Be2 h5 48. Bb5 Kf5 49. Ne2 Kg4 50. Nf4 Bf7 51. Be2+ Kf5 52. Bxh5 Bxh5 53. Nxh5 Kg4 54. Nf4 Bxh4 55. Bxh4 Kxh4 56. Kg2 Kg4 57. Kf2 Kh4 58. Kg2 1/2-1/2

[Event "Leipzig VfB op 14th"]
[Site "Leipzig"]
[Date "2007.03.21"]
[Round "3"]
[White "Stolze, Dirk"]
[Black "Huelle, Gunter"]
[Result "0-1"]
[WhiteElo "1420"]
[BlackElo "1841"]
[PlyCount "40"]
[EventDate "2007.03.20"]
[EventType "swiss"]
[EventRounds "9"]
[EventCountry "GER"]
[SourceTitle "EXT 2008"]
[Source "ChessBase"]
[SourceDate "2007.11.25"]
[SourceVersion "1"]
[SourceVersionDate "2007.11.25"]
[SourceQuality "1"]

1. c4 Nf6 2. d4 g6 3. Nc3 Bg7 4. g3 0-0 5. Nf3 d6 6. Bg2 c6 7. 0-0 Qc7 8. Re1 a5 9. e4 e5 10. d5 Na6 11. Be3 Ng4 12. Bd2 f5 13. h3 Nf6 14. exf5 gxf5 15. Qc1 Nb4 16. Bf1 cxd5 17. Nb5 Qb6 18. a3 Na6 19. Bh6 Ne4 20. Bxg7 Qxf2+ 0-1

[Event "Leipzig VfB op 13th"]
[Site "Leipzig"]
[Date "2006.03.19"]
[Round "9"]
[White "Stolze, Dirk"]
[Black "Luda, Michael"]
[Result "1-0"]
[WhiteElo "1419"]
[BlackElo "1582"]
[PlyCount "93"]
[EventDate "2006.03.14"]
[EventType "swiss"]
[EventRounds "9"]
[EventCountry "GER"]
[SourceTitle "EXT 2008"]
[Source "ChessBase"]
[SourceDate "2007.11.25"]
[SourceVersion "1"]
[SourceVersionDate "2007.11.25"]
[SourceQuality "1"]

1. c4 Nf6 2. d4 e6 3. Nc3 b6 4. Nf3 Bb7 5. g3 c5 6. dxc5 Bxc5 7. Bg2 Nc6 8. 0-0 0-0 9. Bg5 Be7 10. a3 a6 11. b4 h6 12. Be3 Rb8 13. Qc2 Ng4 14. Bd2 Re8 15. h3 Nf6 16. Rfd1 d6 17. b5 Na5 18. bxa6 Bxa6 19. Nb5 Qd7 20. a4 Nb7 21. Nfd4 d5 22. Rac1 Rbc8 23. Qa2 e5 24. Nf3 Qe6 25. cxd5 Qf5 26. Nh4 Qd7 27. Bc3 Bc5 28. Qb2 Nd6 29. Bxe5 Nxb5 30. axb5 Bxb5 31. e3 Nh5 32. Nf3 f6 33. Bc3 Ba4 34. Rd2 Qd6 35. Ra1 b5 36. g4 Ng3 37. fxg3 Bxe3+ 38. Kh2 b4 39. Bxb4 Qb8 40. Rxa4 Bxd2 41. Qxd2 Qb5 42. Ra5 Qc4 43. Ng1 Qb3 44. d6 Rc2 45. Bd5+ Kh8 46. Bxb3 Rxd2+ 47. Bxd2 1-0

[Event "Leipzig VfB op 13th"]
[Site "Leipzig"]
[Date "2006.03.16"]
[Round "5"]
[White "Bergmann, Hans Dieter"]
[Black "Stolze, Dirk"]
[Result "1-0"]
[WhiteElo "1602"]
[BlackElo "1419"]
[PlyCount "69"]
[EventDate "2006.03.14"]
[EventType "swiss"]
[EventRounds "9"]
[EventCountry "GER"]
[SourceTitle "EXT 2008"]
[Source "ChessBase"]
[SourceDate "2007.11.25"]
[SourceVersion "1"]
[SourceVersionDate "2007.11.25"]
[SourceQuality "1"]

1. e4 d6 2. d4 Nf6 3. Nc3 g6 4. f4 Bg7 5. Nf3 0-0 6. e5 dxe5 7. fxe5 Nd5 8. Ne4 Bf5 9. Ng3 Bg4 10. c3 c6 11. Bd3 Nd7 12. h3 Bxf3 13. Qxf3 Qc7 14. Bd2 b5 15. a3 e6 16. 0-0-0 a5 17. h4 b4 18. c4 N5b6 19. c5 Nd5 20. a4 b3 21. Bc4 Qb7 22. Qxb3 Qc7 23. h5 Rab8 24. Qa3 f6 25. hxg6 hxg6 26. Ne4 fxe5 27. Qh3 Kf7 28. Ng5+ Ke8 29. Nxe6 Qb7 30. Nxg7+ Kd8 31. Bxa5+ Kc8 32. b3 Nf4 33. Qg4 exd4 34. Rxd4 Qa7 35. Ba6+ 1-0

[Event "Leipzig VfB op 12th"]
[Site "Leipzig"]
[Date "2005.03.05"]
[Round "8"]
[White "Stolze, Dirk"]
[Black "Thies, Dietmar"]
[Result "0-1"]
[WhiteElo "1291"]
[BlackElo "1796"]
[PlyCount "78"]
[EventDate "2005.01.03"]
[EventType "swiss"]
[EventRounds "9"]
[EventCountry "GER"]
[SourceTitle "EXT 2008"]
[Source "ChessBase"]
[SourceDate "2007.11.25"]
[SourceVersion "1"]
[SourceVersionDate "2007.11.25"]
[SourceQuality "1"]

1. c4 e5 2. g3 Nf6 3. Bg2 d5 4. cxd5 Nxd5 5. e4 Nb4 6. Bf1 N8c6 7. a3 Nd3+ 8. Bxd3 Qxd3 9. Qe2 Qb3 10. Qh5 Bd6 11. Ne2 Be6 12. Nbc3 0-0-0 13. d3 Nd4 14. Nxd4 exd4 15. Nb5 Qxd3 16. Nxd6+ Rxd6 17. Qe2 Qb3 18. 0-0 Bh3 19. Re1 d3 20. Qe3 b6 21. Bd2 Re8 22. Qg5 g6 23. g4 h5 24. e5 Qd5 25. gxh5 Rde6 26. Qg3 gxh5 27. f3 Rg6 28. Bg5 Reg8 29. Qxh3+ Kb8 30. f4 d2 31. Rf1 Rxg5+ 32. fxg5 Rxg5+ 33. Kf2 Qd4+ 34. Ke2 Rxe5+ 35. Kd1 Qxb2 36. Qf3 Qxa1+ 37. Kxd2 Qa2+ 38. Kd1 Rd5+ 39. Ke1 Qd2# 0-1

[Event "Leipzig VfB op 12th"]
[Site "Leipzig"]
[Date "2005.03.04"]
[Round "6"]
[White "Lamb, Ian"]
[Black "Stolze, Dirk"]
[Result "0-1"]
[WhiteElo "1328"]
[BlackElo "1291"]
[PlyCount "102"]
[EventDate "2005.01.03"]
[EventType "swiss"]
[EventRounds "9"]
[EventCountry "GER"]
[SourceTitle "EXT 2008"]
[Source "ChessBase"]
[SourceDate "2007.11.25"]
[SourceVersion "1"]
[SourceVersionDate "2007.11.25"]
[SourceQuality "1"]

1. Nf3 Nf6 2. g3 c5 3. Bg2 Nc6 4. 0-0 d5 5. d3 e5 6. Nbd2 Be7 7. Re1 b5 8. e4 d4 9. Qe2 0-0 10. Nf1 a5 11. Bg5 Qc7 12. h4 Ng4 13. N1h2 Nxh2 14. Kxh2 Bg4 15. Bxe7 Qxe7 16. Qd2 f6 17. Rac1 Rac8 18. c4 b4 19. Rf1 Rf7 20. Ng1 Bd7 21. f4 Rcf8 22. f5 Qe8 23. Bf3 Ne7 24. Bh5 g6 25. fxg6 hxg6 26. Be2 f5 27. Nf3 f4 28. Nxe5 fxg3+ 29. Kg2 Rf2+ 30. Rxf2 gxf2 31. Rf1 Nf5 32. exf5 Qxe5 33. Rxf2 Bxf5 34. Bf3 Kg7 35. Qg5 Qe3 36. Qg3 Bxd3 37. Qc7+ Rf7 38. Qxc5 Be2 39. Qd5 Bxf3+ 40. Rxf3 Qe2+ 41. Kg3 Rxf3+ 42. Qxf3 Qxb2 43. Qb7+ Kh6 44. Qc8 d3 45. Qf8+ Kh7 46. Qf7+ Qg7 47. Qxg7+ Kxg7 48. Kf3 a4 49. Ke3 b3 50. axb3 a3 51. Kxd3 a2 0-1

[Event "Leipzig VfB op 12th"]
[Site "Leipzig"]
[Date "2005.03.02"]
[Round "2"]
[White "Stolze, Dirk"]
[Black "Kuchenbuch, Thomas"]
[Result "0-1"]
[WhiteElo "1291"]
[BlackElo "1801"]
[PlyCount "74"]
[EventDate "2005.01.03"]
[EventType "swiss"]
[EventRounds "9"]
[EventCountry "GER"]
[SourceTitle "EXT 2008"]
[Source "ChessBase"]
[SourceDate "2007.11.25"]
[SourceVersion "1"]
[SourceVersionDate "2007.11.25"]
[SourceQuality "1"]

1. c4 e5 2. g3 Nc6 3. Nc3 f5 4. d3 Nf6 5. Bg2 Bc5 6. Bg5 Bxf2+ 7. Kxf2 Ng4+ 8. Ke1 Qxg5 9. Nd5 Qd8 10. h3 Nf6 11. Nf3 d6 12. e3 0-0 13. Rc1 Ne7 14. Qb3 c5 15. Nxf6+ Rxf6 16. Nh4 Qc7 17. Rc2 Rb8 18. Rf2 Ng6 19. Bd5+ Kh8 20. Nf3 Bd7 21. Kf1 Bc6 22. Qd1 Rbf8 23. Ng5 h6 24. h4 Ne7 25. Ne6 Rxe6 26. Bxe6 Bxh1 27. Qh5 Qd8 28. Bf7 Bc6 29. g4 Be8 30. Bxe8 Qxe8 31. Qxe8 Rxe8 32. gxf5 Rf8 33. e4 g6 34. f6 Nc6 35. a3 Nd4 36. Kg2 Ne6 37. h5 Nf4+ 0-1

[Event "Leipzig VfB op 10th"]
[Site "Leipzig"]
[Date "2003.03.15"]
[Round "7"]
[White "Jochens, Sylvia"]
[Black "Stolze, Dirk"]
[Result "1-0"]
[WhiteElo "1520"]
[BlackElo "1182"]
[PlyCount "101"]
[EventDate "2003.03.11"]
[EventType "swiss"]
[EventRounds "9"]
[EventCountry "GER"]
[SourceTitle "EXT 2008"]
[Source "ChessBase"]
[SourceDate "2007.11.25"]
[SourceVersion "1"]
[SourceVersionDate "2007.11.25"]
[SourceQuality "1"]

1. d4 d5 2. c4 c6 3. cxd5 cxd5 4. Nc3 e6 5. Nf3 Nc6 6. Bf4 Bb4 7. Qb3 Nf6 8. Bg5 h6 9. Bxf6 Qxf6 10. e3 0-0 11. Bd3 Be7 12. 0-0 Bd8 13. Rad1 a5 14. e4 Nxd4 15. Nxd4 Qxd4 16. exd5 Qb6 17. Qc2 exd5 18. Nxd5 Qc6 19. Qxc6 bxc6 20. Ne3 Ba6 21. Bxa6 Rxa6 22. Rc1 Bg5 23. Rc3 Rd8 24. Rd1 Rxd1+ 25. Nxd1 Kf8 26. Kf1 Be7 27. Ne3 Bf6 28. Rc2 a4 29. Ke2 Ra8 30. Nc4 Re8+ 31. Kd1 Bd4 32. Re2 Rd8 33. Kc2 c5 34. Nb6 f5 35. Nxa4 Re8 36. Rxe8+ Kxe8 37. f3 g5 38. Kd3 Kd7 39. b3 Kc6 40. Kc4 Kd6 41. b4 Bg1 42. bxc5+ Kc6 43. h3 h5 44. Nc3 Bxc5 45. a4 Be3 46. Nd5 f4 47. Nxe3 fxe3 48. Kd3 Kb6 49. Kxe3 Ka5 50. Ke4 Kxa4 51. Kf5 1-0

[Event "Leipzig VfB op 10th"]
[Site "Leipzig"]
[Date "2003.03.15"]
[Round "8"]
[White "Stolze, Dirk"]
[Black "Salden, Franziska"]
[Result "0-1"]
[WhiteElo "1182"]
[BlackElo "1575"]
[PlyCount "98"]
[EventDate "2003.03.11"]
[EventType "swiss"]
[EventRounds "9"]
[EventCountry "GER"]
[SourceTitle "EXT 2008"]
[Source "ChessBase"]
[SourceDate "2007.11.25"]
[SourceVersion "1"]
[SourceVersionDate "2007.11.25"]
[SourceQuality "1"]

1. e4 e6 2. d4 d5 3. exd5 exd5 4. h3 c5 5. c3 h6 6. Nf3 Nf6 7. Bd3 Bd6 8. 0-0 0-0 9. Be3 Qb6 10. Qc2 Nc6 11. Nbd2 Bd7 12. Bf5 Bxf5 13. Qxf5 cxd4 14. Bxh6 Ne7 15. Qg5 Ng6 16. Nxd4 Bf4 17. Qf5 Bxh6 18. N2f3 Bf4 19. h4 Bc7 20. g4 Rad8 21. h5 Nh8 22. Qg5 Ne4 23. Qh4 Qf6 24. g5 Qf4 25. Kh1 Qxh4+ 26. Nxh4 Rfe8 27. Ndf3 Rd6 28. Rad1 Bb6 29. Kg2 Bd8 30. Nf5 Rd7 31. Rfe1 Kf8 32. h6 gxh6 33. gxh6 Bc7 34. Rh1 f6 35. Rh4 Ng6 36. Rg4 Nf4+ 37. Kf1 Rh7 38. N3h4 Rd8 39. Ng6+ Kf7 40. Nxf4 Bxf4 41. Rxf4 Kg6 42. Rd4 Kg5 43. Rfxe4 dxe4 44. Rxd8 Kxf5 45. Rg8 Rxh6 46. Rg7 Rh1+ 47. Ke2 Kf4 48. Rg2 Rb1 49. Rg3 Rxb2+ 0-1

[Event "Leipzig VfB op 10th"]
[Site "Leipzig"]
[Date "2003.03.12"]
[Round "3"]
[White "Stolze, Dirk"]
[Black "Fuchs, Judith"]
[Result "0-1"]
[WhiteElo "1182"]
[BlackElo "1533"]
[PlyCount "48"]
[EventDate "2003.03.11"]
[EventType "swiss"]
[EventRounds "9"]
[EventCountry "GER"]
[SourceTitle "EXT 2008"]
[Source "ChessBase"]
[SourceDate "2007.11.25"]
[SourceVersion "1"]
[SourceVersionDate "2007.11.25"]
[SourceQuality "1"]

1. e4 c6 2. d4 d5 3. e5 c5 4. c3 Nc6 5. Nf3 Bg4 6. Be2 e6 7. Bg5 Qb6 8. Qb3 Qxb3 9. axb3 Bxf3 10. Bxf3 cxd4 11. cxd4 Nxd4 12. Nd2 Nc2+ 13. Kd1 Nxa1 14. Kc1 Bb4 15. Bd1 h6 16. Be3 Ne7 17. Kb1 d4 18. Bxd4 Bxd2 19. Kxa1 Nc6 20. Be3 Bxe3 21. fxe3 Nxe5 22. Bc2 Rc8 23. Be4 Rc7 24. Rd1 0-0 0-1